Adversaires de l'Uruguay en Coupe du Monde depuis 1930 - Statistiques

Statistiques générales
  • Ce quiz a été pris 89 fois
  • Le résultat moyen est 48 sur 56
Statistiques - réponses
Date Année Ville Tour Adversaire Score % Correct
16/07 1934 Rio de Janeiro Finale Brésil 1-2
100%
17/06 1970 Guadalajara Demi-finale Brésil 1-3
100%
10/07 2010 Port Elizabeth Petite finale Allemagne 2-3
98%
23/07 1966 Sheffield Quart de finale Allemagne de l'Ouest 4-0
98%
20/06 1970 Mexico Petite finale Allemagne de l'Ouest 0-1
98%
04/06 1986 Quéretaro Premier tour Allemagne de l'Ouest 1-1
98%
15/07 1966 Londres Premier tour France 2-1
98%
06/06 2002 Busan Premier tour France 0-0
98%
11/06 2010 Le Cap Premier tour France 0-0
98%
06/07 2018 Nijni Novgorod Quart de finale France 0-2
98%
06/06 1970 Puebla Premier tour Italie 0-0
98%
25/06 1990 Rome Huitième de finale Italie 2-0
98%
24/06 2014 Natal Premier tour Italie 0-1
98%
09/07 1934 São Paulo Poule finale Espagne 2-2
95%
13/06 1990 Udine Premier tour Espagne 0-0
95%
25/06 2018 Samara Premier tour Russie 3-0
95%
30/07 1930 Montevideo Finale Argentine 2-4
94%
16/06 1986 Puebla Huitième de finale Argentine 1-0
94%
30/06 2018 Sotchi Huitième de finale Portugal 2-1
94%
19/07 1966 Londres Premier tour Mexique 0-0
93%
22/06 2010 Rustenburg Premier tour Mexique 0-1
93%
26/06 1954 Bâle Quart de finale Angleterre 4-2
91%
11/07 1966 Londres Premier tour Angleterre 0-0
91%
19/06 2014 São Paulo Premier tour Angleterre 2-1
91%
30/05 1962 Arica Premier tour Colombie 2-1
90%
28/06 2014 Rio de Janeiro Huitième de finale Colombie 2-0
90%
15/06 1974 Hanovre Premier tour Pays-Bas 0-2
90%
06/07 2010 Le Cap Demi-finale Pays-Bas 2-3
90%
17/06 1990 Vérone Premier tour Belgique 3-1
85%
06/06 1962 Arica Premier tour URSS 2-1
85%
14/06 1970 Mexico Quart de finale URSS 0-1(ap)
85%
27/07 1930 Montevideo Demi-finale Yougoslavie 6-1
85%
02/06 1962 Arica Premier tour Yougoslavie 3-1
85%
16/06 2010 Pretoria Premier tour Afrique du Sud 0-3
84%
13/07 1934 São Paulo Poule finale Suède 3-2
84%
10/06 1970 Puebla Premier tour Suède 1-0
84%
23/06 1974 Düsseldorf Premier tour Suède 3-0
84%
08/06 1986 Nezahualcóyotl Premier tour Danemark 1-6
81%
01/06 2002 Ulsan Premier tour Danemark 1-2
81%
15/06 2018 Iekaterinbourg Premier tour Egypte 0-1
81%
30/06 1954 Lausanne Demi-finale Hongrie 4-2(ap)
81%
18/07 1930 Montevideo Premier tour Pérou 1-0
81%
11/06 2002 Suwon Premier tour Sénégal 3-3
81%
21/06 1990 Udine Premier tour Corée du Sud 0-1
80%
26/06 2010 Port Elizabeth Huitième de finale Corée du Sud 2-1
80%
20/06 2018 Rostov-sur-le-Don Premier tour Arabie saoudite 1-0
79%
02/07 2010 Johannesbourg Quart de finale Ghana 1-1(4-2(tab))
79%
03/07 1954 Zurich Petite finale Autriche 1-3
78%
14/06 2014 Fortaleza Premier tour Costa Rica 1-3
78%
16/06 1954 Berne Premier tour Tchécoslovaquie 2-0
74%
19/06 1954 Bâle Premier tour Ecosse 7-0
70%
13/06 1986 Nezahualcóyotl Premier tour Ecosse 0-0
70%
21/07 1930 Montevideo Premier tour Roumanie 4-0
66%
02/07 1934 Belo Horizonte Premier tour Bolivie 8-0
65%
19/06 1974 Hanovre Premier tour Bulgarie 1-1
60%
02/06 1970 Puebla Premier tour Israël 2-0
36%
Aucun quiz correspondant
Distribution des résultats
% des personnes avec chaque résultat
Percentile par nombre de réponses
Votre historique - résultats
Vous n’avez pas pris ce quiz